000 01192nam a2200253 a 4500
001 BS0003380
003 BR-BrBNA
005 20230418192310.0
008 230308b |||||||| |||| 00| 0 por d
040 _aBR-BrBNA
_bpor
_cBiblioteca Nacional de Agricultura
041 _apor
072 _aB50
090 _aB50 BS0003380
100 1 _aHobsbawm, Eric J.
245 1 _aEra dos extremos: O breve século XX, 1914 - 1991 /
250 1 _a2. ed. 44. reimpressão
260 3 _aSão Paluo, SP:
_bCompanhia das Letras,
_c2011.
300 _a598 p.
500 _aTítulo Original: Age of Extremes. The short twentieth century: 1914 - 1991. Traduzido por Marcos Santarrita..
520 3 _aEric Hobsbawm, um dos maiores historiadores da atualidade, dá seu testemunho sobre o século XX: "Meu tempo de vida coincide com a maior parte da época de que trata este livro", diz ele na abertura, "por isso até agora me abstive de falar sobre ele". Neste livro fascinante, porém, ele abandona seu silêncio voluntário para contar, em linguagem simples e envolvente, a história da "era das ilusões perdidas".
650 _aHISTÓRIA
909 _a202304
_bSergio Santos
_c56
_dSergio Santos
942 _cBK
999 _c8442
_d8442